| 000 | 00553nam a2200229Ia 4500 | ||
|---|---|---|---|
| 003 | OSt | ||
| 005 | 20221005124328.0 | ||
| 006 | a|||||r|||| 00| 0 | ||
| 007 | ta | ||
| 008 | 221004b |||||||| |||| 00| 0 tam d | ||
| 024 | _a52124 | ||
| 037 | _cTextual | ||
| 040 |
_aCRL _cCRL _btam |
||
| 041 |
_2tam _atam |
||
| 082 | _aV21.D8, 31J8 | ||
| 100 |
_aVenkatasamy _9627132 |
||
| 245 | 0 | _aMoonramnandi varman | |
| 260 | _c1958 | ||
| 650 | _aHISTORY | ||
| 942 |
_hV21.D8, 31J8 _cTEXL _2cc |
||
| 999 |
_c1050145 _d1050145 |
||